Statistical engineering : an algorithm for reducing variation in manufacturing processes (Record no. 34971)

MARC details
000 -LEADER
fixed length control field 00542nam a2200181Ia 4500
020 ## - INTERNATIONAL STANDARD BOOK NUMBER
ISBN 9788122431094
050 ## - CALL MARK
Classification number TS 155 .S74/
100 ## - STATEMENT OF RESPONSIBILITY--MAIN AUTHOR NAME
Personal name Stein, Stefan H.
245 #0 - TITLE STATEMENT
Title Statistical engineering : an algorithm for reducing variation in manufacturing processes
260 ## - PUBLICATION, DISTRIBUTION, ETC. (IMPRINT)
Place of publication India
260 ## - PUBLICATION, DISTRIBUTION, ETC. (IMPRINT)
Name of publisher New age internanational publishers Limited
260 ## - PUBLICATION, DISTRIBUTION, ETC. (IMPRINT)
Year of publication 2010
300 ## - PHYSICAL DESCRIPTION
Number of Pages 328 p
650 ## - SUBJECT ADDED ENTRY--TOPICAL TERM
Topical Term Production management. Manufacturing processes.
942 ## - ADDED ENTRY ELEMENTS (KOHA)
Koha item type Books
Holdings
Withdrawn status Lost status Source of classification or shelving scheme Damaged status Not for loan Permanent Location Current Location Shelving location Date acquired Accession Number Price effective from Koha item type
    Library of Congress Classification     NILE UNIVERSITY OF NIGERIA - MAIN LIBRARY NILE UNIVERSITY OF NIGERIA - MAIN LIBRARY Items on shelf 04/23/2025 0191846 04/23/2025 Books